| 000 -LEADER |
| fixed length control field |
02215cas a2200589 a 4500 |
| 001 - CONTROL NUMBER |
| control field |
13951304 |
| 003 - CONTROL NUMBER IDENTIFIER |
| control field |
NUST |
| 005 - DATE AND TIME OF LATEST TRANSACTION |
| control field |
20220726150556.0 |
| 008 - FIXED-LENGTH DATA ELEMENTS--GENERAL INFORMATION |
| fixed length control field |
050504c20029999nyu x 0 a0eng d |
| 010 ## - LIBRARY OF CONGRESS CONTROL NUMBER |
| LC control number |
2005208780 |
| Canceled/invalid LC control number |
2004296767 |
| 022 0# - INTERNATIONAL STANDARD SERIAL NUMBER |
| International Standard Serial Number |
1558-2124 |
| ISSN-L |
1558-2124 |
| Source |
1 |
| 035 ## - SYSTEM CONTROL NUMBER |
| System control number |
(OCoLC)ocm54489216 |
| 037 ## - SOURCE OF ACQUISITION |
| Source of stock number/acquisition |
Simon & Schuster, 100 Front St., Riverside, NJ 08075 |
| 038 ## - RECORD CONTENT LICENSOR |
| Staff Name |
Azhar |
| 040 ## - CATALOGING SOURCE |
| Original cataloging agency |
JED |
| Language of cataloging |
eng |
| Transcribing agency |
JED |
| Modifying agency |
SRB |
| -- |
DLC |
| -- |
NSD |
| -- |
OCLCQ |
| -- |
OCLCF |
| -- |
GK8 |
| -- |
TULIB |
| -- |
OCLCO |
| -- |
UPM |
| -- |
OCL |
| -- |
OCLCO |
| -- |
OCLCQ |
| -- |
GILDS |
| 042 ## - AUTHENTICATION CODE |
| Authentication code |
lccopycat |
| -- |
nsdp |
| 050 00 - LIBRARY OF CONGRESS CALL NUMBER |
| Classification number |
HF1118 |
| Item number |
.G622 |
| 082 10 - DEWEY DECIMAL CLASSIFICATION NUMBER |
| Classification number |
658.0076 |
| Edition number |
13 |
| Author Mark |
KAP |
| 222 #0 - KEY TITLE |
| Key title |
GMAT 800 |
| 245 00 - TITLE STATEMENT |
| Title |
GMAT 800. |
| 246 3# - VARYING FORM OF TITLE |
| Title proper/short title |
Graduate Management Admission Test 800 |
| 246 3# - VARYING FORM OF TITLE |
| Title proper/short title |
Kaplan GMAT 800 |
| 250 ## - EDITION STATEMENT |
| Edition statement |
9th edition |
| 260 ## - PUBLICATION, DISTRIBUTION, ETC. |
| Place of publication, distribution, etc. |
New York : |
| Name of publisher, distributor, etc. |
Kaplan publishing |
| Date of publication, distribution, etc. |
2014 |
| 260 3# - PUBLICATION, DISTRIBUTION, ETC. |
| Materials specified |
2014 |
| Place of publication, distribution, etc. |
New York : |
| Name of publisher, distributor, etc. |
Kaplan Publishing |
| 300 ## - PHYSICAL DESCRIPTION |
| Extent |
372p |
| Other physical details |
illustrations ; |
| Dimensions |
28 cm |
| 310 ## - CURRENT PUBLICATION FREQUENCY |
| Current publication frequency |
Irregular |
| 336 ## - CONTENT TYPE |
| Content type term |
text |
| Content type code |
txt |
| Source |
rdacontent |
| 337 ## - MEDIA TYPE |
| Media type term |
unmediated |
| Media type code |
n |
| Source |
rdamedia |
| 338 ## - CARRIER TYPE |
| Carrier type term |
volume |
| Carrier type code |
nc |
| Source |
rdacarrier |
| 362 0# - DATES OF PUBLICATION AND/OR SEQUENTIAL DESIGNATION |
| Dates of publication and/or sequential designation |
2002- |
| 500 ## - GENERAL NOTE |
| General note |
At head of title: Kaplan. |
| 515 ## - NUMBERING PECULIARITIES NOTE |
| Numbering peculiarities note |
Vols. published <2014-> called <9th-> ed. |
| 588 ## - SOURCE OF DESCRIPTION NOTE |
| Source of description note |
Latest issue consulted: 9th ed., published 2014. |
| 650 #0 - SUBJECT ADDED ENTRY--TOPICAL TERM |
| Topical term or geographic name entry element |
Graduate Management Admission Test |
| Form subdivision |
Study guides |
| -- |
Periodicals. |
| 9 (RLIN) |
95268 |
| 650 #0 - SUBJECT ADDED ENTRY--TOPICAL TERM |
| Topical term or geographic name entry element |
Management |
| General subdivision |
Examinations |
| Form subdivision |
Study guides |
| -- |
Periodicals. |
| 9 (RLIN) |
95269 |
| 650 #7 - SUBJECT ADDED ENTRY--TOPICAL TERM |
| Topical term or geographic name entry element |
Graduate Management Admission Test. |
| Source of heading or term |
fast |
| Authority record control number or standard number |
(OCoLC)fst00945813 |
| 9 (RLIN) |
95270 |
| 650 #7 - SUBJECT ADDED ENTRY--TOPICAL TERM |
| Topical term or geographic name entry element |
Management |
| General subdivision |
Examinations. |
| Source of heading or term |
fast |
| Authority record control number or standard number |
(OCoLC)fst01007187 |
| 9 (RLIN) |
95271 |
| 655 #7 - INDEX TERM--GENRE/FORM |
| Genre/form data or focus term |
Periodicals. |
| Source of term |
fast |
| Authority record control number |
(OCoLC)fst01411641 |
| 655 #7 - INDEX TERM--GENRE/FORM |
| Genre/form data or focus term |
Study guides. |
| Source of term |
fast |
| Authority record control number |
(OCoLC)fst01423888 |
| 9 (RLIN) |
24862 |
| 655 #7 - INDEX TERM--GENRE/FORM |
| Genre/form data or focus term |
Study guides. |
| Source of term |
lcgft |
| 9 (RLIN) |
24862 |
| 655 #7 - INDEX TERM--GENRE/FORM |
| Genre/form data or focus term |
Periodicals. |
| Source of term |
lcgft |
| 9 (RLIN) |
95272 |
| 776 08 - ADDITIONAL PHYSICAL FORM ENTRY |
| Relationship information |
Online version: |
| Title |
GMAT 800 |
| Record control number |
(OCoLC)895122947 |
| 906 ## - LOCAL DATA ELEMENT F, LDF (RLIN) |
| a |
7 |
| b |
cbc |
| c |
serials |
| d |
2 |
| e |
ncip |
| f |
20 |
| g |
n-oclcserc |
| 942 ## - ADDED ENTRY ELEMENTS (KOHA) |
| Source of classification or shelving scheme |
|
| Koha item type |
Lincoln Corner |